| 000 | 00553nam#a2200205#c#4500 | ||
|---|---|---|---|
| 003 | IEF | ||
| 005 | 20180219171748.0 | ||
| 008 | 950601s1980 uuu####fr####| 0||u| |u | ||
| 040 | _aIEF | ||
| 100 | 1 |
_aVallet de Goytisolo, Juan B. _944662 |
|
| 245 | _aEstudios varios sobre obligaciones, contratos, empresas y sociedades | ||
| 260 |
_aMadrid _b Montecorvo _c1980 |
||
| 300 |
_a685 p. _c 25 cm. |
||
| 500 | _aContiene índices | ||
| 650 | 4 |
_aDERECHO CIVIL _941867 |
|
| 650 | 4 |
_aESTUDIOS _943582 |
|
| 942 | _cLIB | ||
| 942 | _z52245 | ||
| 999 |
_c116454 _d116454 |
||